Tiếng Anh 12 ( Sách học sinh ) = English 12

Tallennettuna:
Bibliografiset tiedot
Päätekijä: Tứ Anh
Aineistotyyppi: Kirja
Kieli:Undetermined
Julkaistu: Hà Nội Giáo Dục 1991
Aiheet:
Tagit: Lisää tagi
Ei tageja, Lisää ensimmäinen tagi!
Thư viện lưu trữ: Trung tâm Học liệu Trường Đại học Cần Thơ
LEADER 00548nam a2200181Ia 4500
001 CTU_40163
008 210402s9999 xx 000 0 und d
082 |a 425.07 
082 |b T550/L12 
100 |a Tứ Anh 
245 0 |a Tiếng Anh 12 ( Sách học sinh ) 
245 0 |b = English 12 
245 0 |c Tứ Anh, Mai Duy Phương, Phan Hà 
260 |a Hà Nội 
260 |b Giáo Dục 
260 |c 1991 
650 |a english language - study and teaching ( secondary ) 
980 |a Trung tâm Học liệu Trường Đại học Cần Thơ